| 000 | 00771nam a2200205 a 4500 | ||
|---|---|---|---|
| 003 | 0 | ||
| 005 | 20250528091219.0 | ||
| 008 | 021127s19uu xx 00 eng d | ||
| 050 |
_aPGS HE 9715 _b.C961 2001 |
||
| 100 | _aCuason, Elvin Michael L. | ||
| 245 |
_a The advantages and disadvantages of using cellular phones perceived by Grade - 6 students / _cElvin Michael L. Cuason. |
||
| 260 |
_aLas PiƱas City, Philippines : _bSouthville International School and Colleges, _c2001. |
||
| 300 |
_a31 pages : _billustrations ; _c28 cm. |
||
| 504 | _aIncludes bibliographical references. | ||
| 650 |
_aCell phones _vSocial aspects. |
||
| 650 |
_aCell phones _vJuvenile literature. |
||
| 650 | _aTechnology and youth. | ||
| 650 |
_aStudents _vAttitudes. |
||
| 942 |
_2lcc _cPASS |
||
| 999 |
_c96439 _d96439 |
||